000 01052naa a22002777a 4500
001 BR7600308
003 BR-BrBNA
005 20240918173804.0
007 ta
008 230509b bl.||||| |||| 00| 0 por d
040 _aBR-BrBNA
_bpor
_cBiblioteca Nacional de Agricultura
041 _a(Pt)
072 _aE70
_b5212
_bG514
090 _aE70 BR7600308
110 1 _aFederacao da Agricultura do Estado de Mato Grosso, Cuiaba (Brasil)
_94561
111 1 _a1. Encontro Nacional de Agropecuaria
_cBrasilia, DF (Brazil)
_d17 Nov 1975
245 1 _aPolitica de precos para produtos agropecuarios [Mato Grosso; Brasil]
260 3 _aBrasilia, DF (Brasil):
_c1975.
500 _aTemario do 1. Encontro Nacional de Agropecuaria Brasilia, DF (Brasil): 1975. p. 200-201 (BR7600308-AM)E70
650 _aBOVINO
650 _aPOLITICA DE PRECO
650 _aMATO GROSSO
773 0 _tTemario do 1. Encontro Nacional de Agropecuaria
_wE70 BR7600308
_gBrasilia, DF (Brasil), 1975. p. 200-201
909 _a202404
_bLucia
_c55
_dLucia Elande
942 _cAM
_2AGRIS
999 _c306922
_d306922